Pathways 2 : (Record no. 18394)
[ view plain ]
| 000 -LEADER | |
|---|---|
| fixed length control field | 01414nam a22003737a 4500 |
| 003 - CONTROL NUMBER IDENTIFIER | |
| control field | EG-ScBUE |
| 005 - DATE AND TIME OF LATEST TRANSACTION | |
| control field | 20220612102629.0 |
| 008 - FIXED-LENGTH DATA ELEMENTS--GENERAL INFORMATION | |
| fixed length control field | 140921t2013 maua f 000 0 eng d |
| 020 ## - INTERNATIONAL STANDARD BOOK NUMBER | |
| International Standard Book Number | 9781133317074 |
| 020 ## - INTERNATIONAL STANDARD BOOK NUMBER | |
| International Standard Book Number | 1133317074 |
| 040 ## - CATALOGING SOURCE | |
| Original cataloging agency | EG-ScBUE |
| Language of cataloging | eng |
| Description conventions | rda |
| Transcribing agency | EG-ScBUE |
| Modifying agency | EG-ScBUE |
| 082 04 - DEWEY DECIMAL CLASSIFICATION NUMBER | |
| Classification number | 428.2076 |
| Item number | BLA |
| Edition number | 22 |
| 100 1# - MAIN ENTRY--PERSONAL NAME | |
| Personal name | Blass, Laurie |
| Dates associated with a name | 1952- |
| Relator term | author. |
| 9 (RLIN) | 34715 |
| 245 10 - TITLE STATEMENT | |
| Title | Pathways 2 : |
| Remainder of title | reading, writing and critical thinking, |
| Name of part/section of a work | Teacher's guide / |
| Statement of responsibility, etc | Laurie Blass, Mari Vargo, Ingrid Wisniewska. |
| 246 3# - VARYING FORM OF TITLE | |
| Title proper/short title | Pathways two : |
| Remainder of title | reading, writing and critical thinking |
| 246 30 - VARYING FORM OF TITLE | |
| Title proper/short title | Teacher's guide |
| 264 #1 - PUBLICATION, DISTRIBUTION, ETC. (IMPRINT) | |
| Place of publication, distribution, etc | Boston, MA : |
| Name of publisher, distributor, etc | National Geographic Learning, |
| Date of publication, distribution, etc | [2013] |
| 264 #4 - PUBLICATION, DISTRIBUTION, ETC. (IMPRINT) | |
| Date of publication, distribution, etc | c2013 |
| 300 ## - PHYSICAL DESCRIPTION | |
| Extent | xiii, 110 pages : |
| Other physical details | illustrations ; |
| Dimensions | 28 cm |
| 336 ## - CONTENT TYPE | |
| Source | rdacontent |
| Content type term | text |
| Content type code | txt |
| 337 ## - MEDIA TYPE | |
| Source | rdamedia |
| Media type term | unmediated |
| Media type code | n |
| 338 ## - CARRIER TYPE | |
| Source | rdacarrier |
| Carrier type term | volume |
| Carrier type code | nc |
| 590 ## - LOCAL NOTE (RLIN) | |
| Local note | Mohamed Hussein |
| 650 #7 - SUBJECT ADDED ENTRY--TOPICAL TERM | |
| Topical term or geographic name as entry element | English language |
| General subdivision | Rhetoric |
| Form subdivision | Problems, exercises, etc. |
| Source of heading or term | BUEsh |
| 650 #7 - SUBJECT ADDED ENTRY--TOPICAL TERM | |
| Topical term or geographic name as entry element | Report writing |
| Form subdivision | Problems, exercises, etc. |
| Source of heading or term | BUEsh |
| 9 (RLIN) | 34106 |
| 650 #7 - SUBJECT ADDED ENTRY--TOPICAL TERM | |
| Topical term or geographic name as entry element | Critical thinking |
| Form subdivision | Problems, exercises, etc. |
| Source of heading or term | BUEsh |
| 9 (RLIN) | 34632 |
| 651 ## - SUBJECT ADDED ENTRY--GEOGRAPHIC NAME | |
| Source of heading or term | BUEsh |
| 653 ## - INDEX TERM--UNCONTROLLED | |
| Arrived date list | September2014 |
| Resource For college | Humanities: English |
| 655 ## - INDEX TERM--GENRE/FORM | |
| Form subdivision | Reading book |
| 9 (RLIN) | 34232 |
| 700 1# - ADDED ENTRY--PERSONAL NAME | |
| Personal name | Vargo, Mari |
| Dates associated with a name | 1952- |
| Relator term | author. |
| 9 (RLIN) | 36085 |
| 700 1# - ADDED ENTRY--PERSONAL NAME | |
| Personal name | Wisniewska, Ingrid, |
| Relator term | author. |
| 9 (RLIN) | 35968 |
| 710 2# - ADDED ENTRY--CORPORATE NAME | |
| Corporate name or jurisdiction name as entry element | National Geographic Learning (Firm) |
| 9 (RLIN) | 35969 |
| 942 ## - ADDED ENTRY ELEMENTS (KOHA) | |
| Source of classification or shelving scheme | Dewey Decimal Classification |
| Koha item type | Book - Teacher Resource |
| Call number prefix | 428.0071 BLA |
| Withdrawn status | Lost status | Source of classification or shelving scheme | Damaged status | Not for loan | Collection code | Home library | Current library | Shelving location | Date acquired | Source of acquisition | Total Checkouts | Total Renewals | Full call number | Barcode | Date last seen | Date checked out | Koha item type |
|---|---|---|---|---|---|---|---|---|---|---|---|---|---|---|---|---|---|
| Dewey Decimal Classification | Baccah | Central Library | Central Library | Second Floor | 21/09/2014 | Purchase | 1 | 3 | 428.2076 BLA | 000036223 | 15/07/2025 | 23/09/2014 | Book - Teacher Resource | ||||
| Dewey Decimal Classification | Baccah | Central Library | Central Library | Second Floor | 21/09/2014 | Purchase | 1 | 1 | 428.2076 BLA | 000036224 | 15/07/2025 | 24/09/2014 | Book - Teacher Resource | ||||
| Dewey Decimal Classification | Baccah | Central Library | Central Library | Second Floor | 21/09/2014 | Purchase | 428.2076 BLA | 000036225 | 15/07/2025 | Book - Teacher Resource | |||||||
| Dewey Decimal Classification | Baccah | Central Library | Central Library | Second Floor | 21/09/2014 | Purchase | 428.2076 BLA | 000036226 | 24/08/2022 | Book - Teacher Resource | |||||||
| Dewey Decimal Classification | Baccah | Central Library | Central Library | Second Floor | 21/09/2014 | Purchase | 1 | 428.2076 BLA | 000036227 | 15/07/2025 | 28/09/2014 | Book - Teacher Resource | |||||
| Dewey Decimal Classification | Baccah | Central Library | Central Library | Second Floor | 21/09/2014 | Purchase | 1 | 7 | 428.2076 BLA | 000036228 | 15/07/2025 | 27/09/2014 | Book - Teacher Resource | ||||
| Dewey Decimal Classification | Baccah | Central Library | Central Library | Second Floor | 21/09/2014 | Purchase | 1 | 428.2076 BLA | 000036229 | 15/07/2025 | 11/10/2014 | Book - Teacher Resource | |||||
| Dewey Decimal Classification | Baccah | Central Library | Central Library | Second Floor | 21/09/2014 | Purchase | 1 | 2 | 428.2076 BLA | 000036230 | 15/07/2025 | 24/09/2014 | Book - Teacher Resource | ||||
| Dewey Decimal Classification | Baccah | Central Library | Central Library | Second Floor | 21/09/2014 | Purchase | 2 | 5 | 428.2076 BLA | 000036231 | 15/07/2025 | 13/01/2016 | Book - Teacher Resource | ||||
| Dewey Decimal Classification | Baccah | Central Library | Central Library | Second Floor | 21/09/2014 | Purchase | 1 | 2 | 428.2076 BLA | 000036232 | 15/07/2025 | 25/09/2014 | Book - Teacher Resource |